01186nam a22002057a 450000500170000000800410001704000440005804100080010208200120011010000350012224500570015726001300021430000300034449000460037450004480042050600210086854600230088965000280091265000400094020230613115739.0130821n fr fr 1 f fre  aCo-BoUCMbspacSandra YazodSandra Yazo00afre04a8492201 aGéniaux, Charles,d1870-193113aLa Passion d’ Armelle LouanaiscCharles Géniaux  aParís (Francia)bLibrairie Plon ; Plon-Nourrit et Cie. [Librería Plon ; Plon-Nourrit y Compañía]c[fecha desconocida] a176 páginasb19 x 17 cm0 aBibliothèque Plon [Biblioteca Plon]v34 aDetalles físicos: Encuadernación blanda (rústica) en tapas y lomo de cartulina impresa en tapa delantera (varios colores) con datos de la obra y un grabado; en tapa posterior, con marca tipográfica del editor. Anteportada. Portada impresa en una sola tinta; grabado con marca tipográfica del editor. Texto impreso en una sola columna con diferentes tipos y tamaños de letra. Papel ordinario, manchado de amarillo. Suciedad en tapas aConsulta en sala aTexto en francés 7aLiteratura romántica  7aLiteratura francesa ySiglos XIX-XX